Elán. School party & Missing

Bibliographic Details
Corporate Author: Elán (hudobná skupina) (Performer)
Format: CD Audio
Language:Slovak
PhysicalDescription:2 zvukové platne digital, stereo 12 cm
Published: Bratislava Musica 2006
Subjects:

MARC

LEADER 00000njm a2200000 a 4500
001 vtls008900258
003 SK-MaSNL
005 20260302004915.0
007 sd fsngnnmmned
008 061213s2006 xo reuug u slo
015 |a SNBJ2006 
028 0 1 |a 720 595-2  |b MUSICA 
040 |a SNK  |b slo  |c SNK  |e AACR2 
041 0 |a slo 
044 |a xo  |c SK 
072 7 |a 784  |x Vokálna hudba  |2 konspekt 
080 |a 784.4  |2 2001 
080 |a (086.76)  |2 2001 
245 0 0 |a Elán. School party & Missing  |h zvukový záznam 
246 3 0 |a School party & Missing 
260 |a Bratislava  |b Musica  |c 2006 
300 |a 2 zvukové platne  |b digital, stereo  |c 12 cm 
500 |a Obsahujú 22 piesní 
511 0 |a Účinkuje Elán 
650 0 7 |a populárne piesne  |2 SNKPH  |9 3446 
650 0 7 |a rock  |2 SNKPH  |9 3179 
655 7 |a kompaktné platne  |2 SNKPH  |9 70690 
710 2 |a Elán (hudobná skupina)  |4 prf  |9 34449 
999 |c 997639  |d 999569 
952 |a SNK  |b SNK  |y PREZ  |7 0  |p 17A0531811  |o snkSCD 2031/1  |i snk2006/25973  |8 0  |0 0  |1 0  |4 0  |d 2006-12-13  |l 0  |r 2026-02-24 12:08:41  |w 2026-02-24 
952 |a SNK  |b SNK  |y PREZ  |7 0  |p 17A0531814  |o snkSCD 2031/2  |i snk2006/25974  |8 0  |0 0  |1 0  |4 0  |d 2006-12-13  |l 0  |r 2026-02-24 12:08:41  |w 2026-02-24